[Event "1. OEsterreichische Internet Schach Meisterschaft - Vorrunde 3"]
[Site "Online - Playchess.com"]
[Date ""]
[Round "6"]
[Board "53"]
[White "Huber, Guenther"]
[Black "Wimmer, Norbert"]
[Result "1-0"]
[WhiteElo "1979"]
[BlackElo "1973"]
[PlyCount "219"]
[EventDate "2020.04.17"]
[EventRounds "9"]
[EventCountry "AUT"]

1. c4 Nf6 2. g3 d5 3. cxd5 Nxd5 4. Bg2 c6 5. Nc3 g6 6. Nf3 Bg7 7. O-O O-O 8. d4 Nxc3
9. bxc3 Nd7 10. e4 Qa5 11. Bd2 e5 12. c4 Qc7 13. d5 b6 14. Bb4 Re8 15. Rc1 Ba6 16.
Qd3 cxd5 17. Qxd5 Bb7 18. Qd3 Rad8 19. Qe3 Nc5 20. Bxc5 bxc5 21. Rfd1 f6 22. h4 Qa5
23. Qe2 Ba6 24. Rd5 Rxd5 25. exd5 e4 26. Nh2 f5 27. f3 Qa4 28. fxe4 Bd4+ 29. Kh1
fxe4 30. Bxe4 Qa3 31. Re1 Qxg3 32. Rf1 Bxc4 33. Qxc4 Rxe4 34. d6+ Kg7 35. Qf7+ Kh6
36. Qf8+ Bg7 37. Qf3 Qxf3+ 38. Rxf3 Rd4 39. Ra3 Rxd6 40. Rxa7 c4 41. Rc7 c3 42. Nf3
Rd3 43. Kg2 Re3 44. Ng5 Re2+ 45. Kf3 Rxa2 46. Ne6 Be5 47. Rc8 c2 48. Nf8 Bf6 49.
Rc7 Bg7 50. Ne6 Ra3+ 51. Ke2 Bf6 52. Rxc2 Bg7 53. Rc7 Bf6 54. Nf8 Bg7 55. Ne6 Ra2+
56. Kf3 Ra3+ 57. Kg2 Ra2+ 58. Kf1 Ra1+ 59. Ke2 Ra2+ 60. Kd3 Ra3+ 61. Kc2 Be5 62.
Rc5 Bg7 63. Ng5 Bf6 64. Nf7+ Kg7 65. Nd6 Be7 66. Rc7 Kf6 67. Ne4+ Ke6 68. Nc3 Kd6
69. Nb5+ Ke6 70. Nxa3 Bxa3 71. Kd3 h5 72. Ke4 Bd6 73. Rc6 Kd7 74. Ra6 Ke6 75. Kf3
Ke5 76. Kg2 Ke6 77. Kh3 Ke5 78. Ra5+ Kf6 79. Kg2 Be5 80. Kf3 Kf5 81. Rb5 Kf6 82.
Ke4 Bg3 83. Rb6+ Kf7 84. Rb7+ Kf6 85. Kf3 Be5 86. Rb6+ Kf5 87. Ra6 Bf6 88. Kg3 Be5+
89. Kh3 Bf6 90. Ra5+ Be5 91. Rb5 Kf4 92. Kg2 Kf5 93. Kh3 Kf4 94. Rb6 Kf5 95. Rc6
Bf6 96. Kg3 Be5+ 97. Kf3 Bf6 98. Rc5+ Be5 99. Rb5 Ke6 100. Ke4 Bd6 101. Rb6 Ke7 102.
Kd5 Bg3 103. Rxg6 Bxh4 104. Rh6 Bf6 105. Rxh5 Kf7 106. Rh3 Kg6 107. Ke6 Bg5 108.
Rg3 Kh5 109. Kf5 Bd8 110. Rg8  1-0

[Event "1. OEsterreichische Internet Schach Meisterschaft - Vorrunde 3"]
[Site "Online - Playchess.com"]
[Date ""]
[Round "6"]
[Board "54"]
[White "Keim, Philipp"]
[Black "Gallob, Marko"]
[Result "1-0"]
[WhiteElo "1926"]
[BlackElo "1961"]
[PlyCount "99"]
[EventDate "2020.04.17"]
[EventRounds "9"]
[EventCountry "AUT"]

1. Nf3 Nf6 2. c4 c5 3. Nc3 g6 4. d4 Bg7 5. g3 cxd4 6. Nxd4 Nc6 7. Bg2 O-O 8. O-O
e6 9. e4 d6 10. Nxc6 bxc6 11. e5 dxe5 12. Bxc6 Rb8 13. Bg2 Nd7 14. Ne4 Bb7 15. Bg5
Qc7 16. Be7 Rfe8 17. Bd6 Qxc4 18. Bxb8 Rxb8 19. Nd6 Qb4 20. Nxb7 Nf6 21. a3 Qb6 22.
Rc1 e4 23. Nd6 Bh6 24. Rc8+ Rxc8 25. Nxc8 Qxb2 26. Qd8+ Kg7 27. Ne7 e3 28. fxe3 Bxe3+
29. Kh1 Qxa3 30. Nxg6 Ng4 31. Qf8+ Qxf8 32. Nxf8 Kxf8 33. h3 Nf2+ 34. Kh2 a5 35.
Bc6 Ke7 36. Re1 Bd2 37. Re2 Ng4+ 38. hxg4 Bb4 39. g5 Kd6 40. Ba4 e5 41. Kh3 Kd5 42.
Kg4 e4 43. Kf5 e3 44. Rxe3 Kd4 45. Re4+ Kd5 46. Rxb4 axb4 47. Kf6 Kc4 48. Kxf7 b3
49. Bxb3+ Kxb3 50. Kg7  1-0

[Event "1. OEsterreichische Internet Schach Meisterschaft - Vorrunde 3"]
[Site "Online - Playchess.com"]
[Date ""]
[Round "6"]
[Board "55"]
[White "Werdecker, Roland"]
[Black "Kucharski, Michael"]
[Result "1-0"]
[WhiteElo "1960"]
[BlackElo "1948"]
[PlyCount "87"]
[EventDate "2020.04.17"]
[EventRounds "9"]
[EventCountry "AUT"]

1. d4 d5 2. Nf3 Nf6 3. g3 c6 4. Bg2 Bf5 5. Nbd2 h6 6. c4 e6 7. Qb3 Qb6 8. Qxb6 axb6
9. O-O Nbd7 10. b3 Ba3 11. Bxa3 Rxa3 12. h3 Ke7 13. Nb1 Ra7 14. Nfd2 Rha8 15. Nc3
Kd6 16. a4 g5 17. Rfe1 Re8 18. e3 Bg6 19. Rad1 Raa8 20. f3 Re7 21. e4 dxe4 22. fxe4
Kc7 23. e5 Nh5 24. Nde4 f5 25. exf6 Nhxf6 26. Nxf6 Nxf6 27. d5 Rd8 28. dxc6 Rxd1
29. Nb5+ Kb8 30. Rxd1 bxc6 31. Bxc6 Kc8 32. b4 Be4 33. Nd6+ Kc7 34. Nxe4 Nxe4 35.
Bxe4 e5 36. c5 bxc5 37. bxc5 Re6 38. Rd6 Re8 39. Rxh6 Rb8 40. Rb6 Rd8 41. Rb7+ Kc8
42. c6 Rd4 43. Bf5+ Kd8 44. Rd7+  1-0

[Event "1. OEsterreichische Internet Schach Meisterschaft - Vorrunde 3"]
[Site "Online - Playchess.com"]
[Date ""]
[Round "6"]
[Board "56"]
[White "Hofstadler, Mario"]
[Black "Kessler, Manuel"]
[Result "0-1"]
[WhiteElo "1867"]
[BlackElo "1731"]
[PlyCount "50"]
[EventDate "2020.04.17"]
[EventRounds "9"]
[EventCountry "AUT"]

1. d4 Nf6 2. Bg5 c5 3. d5 Qb6 4. Nc3 d6 5. e4 Qxb2 6. Bd2 Qb6 7. Rb1 Qd8 8. f4 Bg4
9. Nf3 Nbd7 10. Rxb7 Qc8 11. Rb1 g6 12. Be2 Bg7 13. h3 Bxf3 14. Bxf3 O-O 15. O-O
a6 16. Qe2 Qc7 17. Rb3 Rfb8 18. Rfb1 c4 19. Rxb8+ Rxb8 20. Rxb8+ Qxb8 21. Qxc4 Nc5
22. e5 Nfd7 23. e6 fxe6 24. dxe6 Nb6 25. Qxa6 Nxa6  0-1

[Event "1. OEsterreichische Internet Schach Meisterschaft - Vorrunde 3"]
[Site "Online - Playchess.com"]
[Date ""]
[Round "6"]
[Board "57"]
[White "Moerwald, Magdalena"]
[Black "Heinrici, Simon"]
[Result "1/2-1/2"]
[WhiteElo "1791"]
[BlackElo "2151"]
[PlyCount "175"]
[EventDate "2020.04.17"]
[EventRounds "9"]
[EventCountry "AUT"]

1. e4 e5 2. Nf3 Nc6 3. d4 exd4 4. Bc4 Nf6 5. e5 d5 6. Bb5 Ne4 7. Nxd4 Bd7 8. Bxc6
bxc6 9. O-O Bc5 10. Be3 O-O 11. f3 Ng5 12. f4 Ne4 13. Nd2 Nxd2 14. Qxd2 f6 15. e6
Bxd4 16. Qxd4 Bxe6 17. f5 Bd7 18. Rad1 Re8 19. c4 Qe7 20. Bf4 Bxf5 21. cxd5 c5 22.
Qc4 Be4 23. d6+ Qf7 24. Qxc5 cxd6 25. Bxd6 Qg6 26. Qf2 Rac8 27. Rd2 Red8 28. Rfd1
Rd7 29. Qg3 Qxg3 30. Bxg3 Rxd2 31. Rxd2 Rc1+ 32. Kf2 Ra1 33. Rd8+ Kf7 34. Rd7+ Kg6
35. Rxa7 Rc1 36. Rc7 Rb1 37. Bd6 Rxb2+ 38. Ke3 Bxg2 39. Bf8 Rxa2 40. Rxg7+ Kf5 41.
Rxh7 Ra4 42. Rh5+ Kg6 43. Rh6+ Kf7 44. Bc5 Be4 45. Bd4 Bg6 46. Rh4 Ra6 47. Rf4 Re6+
48. Kf3 f5 49. h4 Bh5+ 50. Kf2 Re2+ 51. Kg3 Bg4 52. h5 Re1 53. Kg2 Re6 54. Kg3 Kg8
55. Kh4 Re1 56. Kg5 Rh1 57. h6 Kh7 58. Bg7 Rh5+ 59. Kf6 Rh3 60. Rc4 Rxh6+ 61. Bxh6
Kxh6 62. Rc8 Kh7 63. Kg5 Kg7 64. Rc7+ Kf8 65. Rh7 Kg8 66. Ra7 Kf8 67. Kf6 Ke8 68.
Ke5 Kd8 69. Rg7 Ke8 70. Ra7 Kd8 71. Kd6 Ke8 72. Re7+ Kf8 73. Re1 Kf7 74. Ke5 Kg6
75. Kf4 Kf6 76. Ra1 Ke6 77. Ra6+ Kd5 78. Ra5+ Ke6 79. Ra6+ Kd5 80. Ra5+ Ke6 81. Re5+
Kf6 82. Re1 Kf7 83. Rh1 Kf6 84. Rh6+ Kg7 85. Rb6 Kf7 86. Kg5 Ke7 87. Rh6 Kf7 88.
Rf6+  1/2-1/2

[Event "1. OEsterreichische Internet Schach Meisterschaft - Vorrunde 3"]
[Site "Online - Playchess.com"]
[Date ""]
[Round "6"]
[Board "58"]
[White "Leisenberger, Harald"]
[Black "Rosol, Philip"]
[Result "1-0"]
[WhiteElo "2144"]
[BlackElo "1468"]
[PlyCount "107"]
[EventDate "2020.04.17"]
[EventRounds "9"]
[EventCountry "AUT"]

1. d4 d5 2. Nf3 Nf6 3. c4 e6 4. g3 Bb4+ 5. Bd2 Bxd2+ 6. Nbxd2 O-O 7. Bg2 dxc4 8.
Nxc4 c6 9. O-O Nbd7 10. e3 Nb6 11. Nce5 Nbd7 12. Nd3 Re8 13. Qe2 Qc7 14. Rac1 a5
15. Rfd1 a4 16. h4 a3 17. b3 Nb6 18. Nfe5 Nbd5 19. g4 Bd7 20. g5 Kf8 21. gxf6 gxf6
22. Nxd7+ Qxd7 23. e4 Ne7 24. e5 Qxd4 25. Rc4 Qd8 26. Qh5 Nf5 27. Nc5 Qa5 28. Qxh7
Rad8 29. Rxd8 Rxd8 30. Qh8+ Ke7 31. Qxf6+ Kf8 32. Nxe6+ Ke8 33. Qxd8+ Qxd8 34. Nxd8
Kxd8 35. h5 Nh6 36. b4 Kd7 37. Rf4 Ke6 38. Rf6+ Kxe5 39. Rxh6 Kd4 40. Rh7 Kc4 41.
Rxf7 Kxb4 42. Rxb7+ Kc3 43. Bxc6 Kc2 44. Ra7 Kc3 45. Rxa3+ Kb2 46. Rg3 Kc2 47. a4
Kd2 48. a5 Ke2 49. a6 Kd2 50. a7 Kc2 51. a8=Q Kd2 52. Qa2+ Kc1 53. Rc3+ Kd1 54. Qc2+
 1-0

[Event "1. OEsterreichische Internet Schach Meisterschaft - Vorrunde 3"]
[Site "Online - Playchess.com"]
[Date ""]
[Round "6"]
[Board "59"]
[White "Schumi, Manfred"]
[Black "Horvath, Maria"]
[Result "0-1"]
[WhiteElo "2202"]
[BlackElo "1995"]
[PlyCount "134"]
[EventDate "2020.04.17"]
[EventRounds "9"]
[EventCountry "AUT"]

1. e4 e6 2. d4 d5 3. Nd2 Nf6 4. e5 Nfd7 5. Bd3 c5 6. c3 b6 7. Qe2 a5 8. Ngf3 Ba6
9. c4 Nc6 10. cxd5 Bxd3 11. Qxd3 Nb4 12. Qb1 Nxd5 13. O-O Be7 14. dxc5 Nxc5 15. Ne4
Nxe4 16. Qxe4 O-O 17. Bd2 Rc8 18. Rac1 Qd7 19. h3 Qb5 20. b3 Rfd8 21. Rxc8 Rxc8 22.
Bg5 Bf8 23. Re1 h6 24. Bd2 Bb4 25. Nd4 Qd7 26. Bxb4 axb4 27. Nf3 Ra8 28. Rd1 Rxa2
29. Qc4 Ra8 30. Nd4 Rc8 31. Qd3 Rc3 32. Qe4 Qc8 33. Nf5 Rc1 34. Rxc1 Qxc1+ 35. Kh2
Qd2 36. Nd6 Qxf2 37. Qg4 Qf4+ 38. Qxf4 Nxf4 39. Nc8 Nd5 40. Kg3 f6 41. exf6 gxf6
42. Kf3 Kf7 43. Nd6+ Ke7 44. Nc4 Kd7 45. Ke4 Kc6 46. Kd4 e5+ 47. Ke4 Nc3+ 48. Kf5
e4 49. Kxf6 b5 50. Ne3 Kc5 51. g4 Kd4 52. Nf5+ Kd3 53. Ng3 e3 54. h4 Ne4+ 55. Nxe4
Kxe4 56. g5 hxg5 57. hxg5 e2 58. g6 e1=Q 59. g7 Qf2+ 60. Ke7 Qg3 61. Kf8 Qf4+ 62.
Ke8 Qg5 63. Kf8 Qf6+ 64. Kg8 Qg6 65. Kh8 Kd4 66. Kg8 Kc3 67. Kf8 Kxb3  0-1

[Event "1. OEsterreichische Internet Schach Meisterschaft - Vorrunde 3"]
[Site "Online - Playchess.com"]
[Date ""]
[Round "6"]
[Board "60"]
[White "Mayrhuber, Nikola"]
[Black "Kainz, Josef"]
[Result "0-1"]
[WhiteElo "2025"]
[BlackElo "2005"]
[PlyCount "72"]
[EventDate "2020.04.17"]
[EventRounds "9"]
[EventCountry "AUT"]

1. d4 Nf6 2. c4 g6 3. Nf3 Bg7 4. Nc3 d5 5. cxd5 Nxd5 6. e4 Nxc3 7. bxc3 c5 8. Be3
O-O 9. Be2 Nc6 10. O-O Qa5 11. Qc2 cxd4 12. cxd4 Bg4 13. Rfd1 Rac8 14. Qd2 Rfd8 15.
Qxa5 Nxa5 16. h3 Bxf3 17. Bxf3 Nc4 18. Rab1 Nxe3 19. fxe3 b6 20. Rdc1 h5 21. e5 e6
22. Kf2 Bf8 23. Ke2 Ba3 24. Rxc8 Rxc8 25. Kd3 Kf8 26. Rb3 Be7 27. a4 Rc1 28. a5 bxa5
29. Rb8+ Kg7 30. Rb7 Bb4 31. Rxa7 Rc3+ 32. Ke4 Ra3 33. Kf4 Bd2 34. d5 Bxe3+ 35. Kg3
Bxa7 36. dxe6 fxe6  0-1

[Event "1. OEsterreichische Internet Schach Meisterschaft - Vorrunde 3"]
[Site "Online - Playchess.com"]
[Date ""]
[Round "6"]
[Board "61"]
[White "Birklbauer, Toni"]
[Black "Dilly, Julian"]
[Result "1-0"]
[WhiteElo "2034"]
[BlackElo "1502"]
[PlyCount "57"]
[EventDate "2020.04.17"]
[EventRounds "9"]
[EventCountry "AUT"]

1. d4 Nf6 2. Nf3 g6 3. c4 Bg7 4. Nc3 d6 5. e4 Nbd7 6. h3 c5 7. Be2 O-O 8. Be3 Qa5
9. Qd2 Ne8 10. O-O b6 11. Bh6 cxd4 12. Nxd4 Qc5 13. Bxg7 Kxg7 14. Rac1 Ne5 15. b4
Qc7 16. Nd5 Qd7 17. f4 Nc6 18. Bf3 Kg8 19. Nxc6 e6 20. Nde7+ Kh8 21. Qc3+ f6 22.
Rfd1 Bb7 23. e5 Bxc6 24. Nxc6 Qc7 25. exf6 Rxf6 26. b5 Kg8 27. Ne7+ Qxe7 28. Bxa8
Rxf4 29. Rf1  1-0

[Event "1. OEsterreichische Internet Schach Meisterschaft - Vorrunde 3"]
[Site "Online - Playchess.com"]
[Date ""]
[Round "6"]
[Board "62"]
[White "Marakovits, Nico"]
[Black "Wimmer, Michael"]
[Result "1-0"]
[WhiteElo "2105"]
[BlackElo "1559"]
[PlyCount "115"]
[EventDate "2020.04.17"]
[EventRounds "9"]
[EventCountry "AUT"]

1. d4 d5 2. c4 e6 3. Nc3 Nf6 4. cxd5 exd5 5. Bg5 Be7 6. e3 c6 7. Qc2 Be6 8. Bd3 h6
9. Bh4 Nbd7 10. Nf3 O-O 11. O-O Re8 12. Rab1 Qc7 13. b4 a6 14. a4 Rac8 15. Rfc1 Qb8
16. Qa2 Qa7 17. b5 a5 18. bxc6 Rxc6 19. Nb5 Rxc1+ 20. Rxc1 Qb6 21. Bg3 Qd8 22. Bc7
Qa8 23. Qd2 Ne4 24. Qe1 Bb4 25. Qd1 Ndf6 26. Be5 Rc8 27. Nc7 Qa7 28. Nxe6 Rxc1 29.
Qxc1 fxe6 30. Qc8+ Kf7 31. Qc7+ Be7 32. Bb5 Qa8 33. Bxf6 gxf6 34. g3 Nd6 35. Bd3
Qc8 36. Qxa5 Qc1+ 37. Kg2 Ne4 38. Bxe4 dxe4 39. Nd2 Qb2 40. Nxe4 Qc2 41. Nc5 Bxc5
42. Qxc5 Qe4+ 43. Kf1 Qb1+ 44. Ke2 Qb2+ 45. Kf3 Qb1 46. Qc7+ Kg6 47. Qc5 f5 48. Qe5
Qd1+ 49. Kg2 Qb3 50. a5 Qc4 51. h4 Qb3 52. Qd6 Qc4 53. Qc5 Qa2 54. d5 exd5 55. Qd6+
Kg7 56. Qc7+ Kg6 57. Qxb7 Qb1 58. Qxb1  1-0

[Event "1. OEsterreichische Internet Schach Meisterschaft - Vorrunde 3"]
[Site "Online - Playchess.com"]
[Date ""]
[Round "6"]
[Board "63"]
[White "Schneider-Zinner, Werner"]
[Black "Stolzlechner, Thomas"]
[Result "1/2-1/2"]
[WhiteElo "1967"]
[BlackElo "2037"]
[PlyCount "91"]
[EventDate "2020.04.17"]
[EventRounds "9"]
[EventCountry "AUT"]

1. d4 d5 2. Nf3 Nf6 3. Bf4 c5 4. c3 Nc6 5. e3 e6 6. Nbd2 Bd6 7. Bg3 O-O 8. Bd3 Qe7
9. O-O e5 10. dxe5 Nxe5 11. Nxe5 Bxe5 12. Bxe5 Qxe5 13. Nf3 Qe7 14. Re1 Bg4 15. h3
Bh5 16. Be2 Rfd8 17. Nd2 Bxe2 18. Qxe2 Ne4 19. Nxe4 dxe4 20. Rad1 Rxd1 21. Rxd1 Rd8
22. Rd2 g6 23. Qd1 Rxd2 24. Qxd2 b6 25. Qd5 Kg7 26. b3 h5 27. g3 Kf6 28. h4 Kg7 29.
Kg2 f5 30. c4 Kh7 31. a3 Kg7 32. Qc6 Kh6 33. a4 Kg7 34. Qd5 Kh6 35. Qg8 Qg7 36. Qb8
Kh7 37. Qd6 Qf7 38. Qe5 Qd7 39. a5 Qd8 40. axb6 Qxb6 41. Qe7+ Kh6 42. Qf8+ Kh7 43.
Qf7+ Kh6 44. Qf8+ Kh7 45. Qe7+ Kh6 46. Qf8+  1/2-1/2

[Event "1. OEsterreichische Internet Schach Meisterschaft - Vorrunde 3"]
[Site "Online - Playchess.com"]
[Date ""]
[Round "6"]
[Board "64"]
[White "Rosol, Alexander"]
[Black "Katter, Marlene"]
[Result "1-0"]
[WhiteElo "1933"]
[BlackElo "1609"]
[PlyCount "59"]
[EventDate "2020.04.17"]
[EventRounds "9"]
[EventCountry "AUT"]

1. e4 e6 2. d4 d5 3. Nd2 dxe4 4. Nxe4 Nd7 5. Nf3 Ngf6 6. Bd3 Nxe4 7. Bxe4 Nf6 8.
Bd3 c5 9. Be3 Qc7 10. dxc5 Bxc5 11. Bxc5 Qxc5 12. O-O O-O 13. c3 b6 14. Rc1 Bb7 15.
b4 Qc7 16. Qe2 Rfe8 17. Ne5 Rad8 18. c4 Nd7 19. Nxd7 Qxd7 20. Rfd1 Qc6 21. Qg4 g6
22. c5 h5 23. Qg3 bxc5 24. Rxc5 Qb6 25. Rdc1 Rc8 26. Bxg6 fxg6 27. Qxg6+ Kf8 28.
Qf6+ Kg8 29. Rg5+ Kh7 30. Qg7#  1-0

[Event "1. OEsterreichische Internet Schach Meisterschaft - Vorrunde 3"]
[Site "Online - Playchess.com"]
[Date ""]
[Round "6"]
[Board "65"]
[White "Krassnitzer, Julia"]
[Black "Tauber, Andreas"]
[Result "1-0"]
[WhiteElo "1803"]
[BlackElo "1972"]
[PlyCount "73"]
[EventDate "2020.04.17"]
[EventRounds "9"]
[EventCountry "AUT"]

1. e4 c5 2. Nf3 Nc6 3. c3 e5 4. d4 cxd4 5. cxd4 exd4 6. Nxd4 Nf6 7. Nc3 Bb4 8. Nxc6
bxc6 9. Bd3 d5 10. exd5 cxd5 11. O-O O-O 12. Qb3 Rb8 13. a3 Bd6 14. Qc2 Be6 15. Bg5
Bxh2+ 16. Kxh2 Ng4+ 17. Kg1 Qxg5 18. Be2 f5 19. Bf3 d4 20. Ne2 Rbd8 21. Ng3 d3 22.
Qc6 Rf6 23. Qc7 Rd7 24. Qb8+ Kf7 25. Rae1 Qh4 26. Bxg4 fxg4 27. Qe5 Rh6 28. f3 d2
29. fxg4+ Kg8 30. Rd1 Qh2+ 31. Kf2 Rf6+ 32. Ke2 Qxg2+ 33. Ke3 Rxf1 34. Rxf1 Bf7 35.
Qb8+ Rd8 36. Qxd8+ Be8 37. Qxe8#  1-0

[Event "1. OEsterreichische Internet Schach Meisterschaft - Vorrunde 3"]
[Site "Online - Playchess.com"]
[Date ""]
[Round "6"]
[Board "66"]
[White "Kanzian, Heinz"]
[Black "Filek, Mattias"]
[Result "0-1"]
[WhiteElo "1642"]
[BlackElo "1932"]
[PlyCount "58"]
[EventDate "2020.04.17"]
[EventRounds "9"]
[EventCountry "AUT"]

1. e4 e5 2. Nf3 Nc6 3. Nc3 Nf6 4. d4 exd4 5. Nxd4 Bb4 6. Nxc6 bxc6 7. Bd2 d5 8. exd5
cxd5 9. Bd3 O-O 10. O-O c6 11. a3 Bd6 12. Qf3 Bg4 13. Qe3 Re8 14. Qd4 c5 15. Qa4
Bd7 16. Nb5 c4 17. Bb4 Bxb4 18. Qxb4 Bxb5 19. Qxb5 cxd3 20. Qxd3 Rc8 21. c3 Qb6 22.
Rab1 Ne4 23. h3 h6 24. b4 Rxc3 25. Qxd5 Ng3 26. Qd7 Ne2+ 27. Kh1 Rec8 28. Ra1 Qc6
29. Qd2 Rxh3#  0-1

[Event "1. OEsterreichische Internet Schach Meisterschaft - Vorrunde 3"]
[Site "Online - Playchess.com"]
[Date ""]
[Round "6"]
[Board "67"]
[White "Prinz, Hubert"]
[Black "Chen, Qingxia"]
[Result "1/2-1/2"]
[WhiteElo "1956"]
[BlackElo "1776"]
[PlyCount "159"]
[EventDate "2020.04.17"]
[EventRounds "9"]
[EventCountry "AUT"]

1. d4 d5 2. Nf3 Nf6 3. e3 e6 4. Bd3 Nbd7 5. O-O c5 6. c3 c4 7. Bc2 b5 8. a4 b4 9.
b3 a5 10. cxb4 Bxb4 11. bxc4 dxc4 12. Ba3 O-O 13. Nbd2 Ba6 14. Ne4 c3 15. Bd3 c2
16. Qxc2 Rc8 17. Nxf6+ Nxf6 18. Qd1 Bxd3 19. Qxd3 Rc3 20. Qb5 Rxa3 21. Rxa3 Bxa3
22. h3 Bb4 23. Ne5 Qd5 24. Qe2 Rc8 25. Rb1 Ne4 26. Qa6 Rf8 27. f3 Qa2 28. Rf1 Ng3
29. Rd1 Qe2 30. Qxe2 Nxe2+ 31. Kf2 Nc3 32. Rd3 Nxa4 33. d5 exd5 34. Rxd5 f6 35. Nc6
Nc3 36. Rd7 Nd1+ 37. Ke2 Nc3+ 38. Kf2 h6 39. g4 Rc8 40. Ne7+ Bxe7 41. Rxe7 Nd1+ 42.
Ke2 Nb2 43. Ra7 a4 44. f4 Rc2+ 45. Kf3 Rh2 46. g5 Rxh3+ 47. Ke4 hxg5 48. fxg5 fxg5
49. Kd4 g4 50. Ke4 g3 51. Kf3 g2+ 52. Kxg2 Rxe3 53. Kf2 Rb3 54. Ke2 a3 55. Kd2 Nc4+
56. Kc2 Rb2+ 57. Kc3 Ne3 58. Rxa3 Rb8 59. Kd4 Nf5+ 60. Ke5 g6 61. Kf6 Rb6+ 62. Kg5
Kg7 63. Ra7+ Kf8 64. Rc7 Ke8 65. Ra7 Kd8 66. Rh7 Ne7 67. Rh8+ Kd7 68. Ra8 Rb5+ 69.
Kf6 g5 70. Ra7+ Ke8 71. Rxe7+ Kd8 72. Rg7 Rb1 73. Ke6 Rg1 74. Kd6 Kc8 75. Ke6 g4
76. Kf5 g3 77. Kf4 g2 78. Kf3 Kd8 79. Rxg2 Rxg2 80. Kxg2  1/2-1/2

[Event "1. OEsterreichische Internet Schach Meisterschaft - Vorrunde 3"]
[Site "Online - Playchess.com"]
[Date ""]
[Round "6"]
[Board "68"]
[White "Soelkner, Julian"]
[Black "Leitgeber, Christian"]
[Result "1-0"]
[WhiteElo "1484"]
[BlackElo "1904"]
[PlyCount "127"]
[EventDate "2020.04.17"]
[EventRounds "9"]
[EventCountry "AUT"]

1. e4 c5 2. Nf3 d6 3. Bb5+ Bd7 4. Bxd7+ Nxd7 5. d3 Qc7 6. O-O g6 7. c3 Bg7 8. Bf4
Ngf6 9. h3 Qb6 10. Qc2 O-O 11. Nbd2 Rac8 12. Nc4 Qd8 13. a4 b6 14. Qd2 Ne8 15. Bh6
e6 16. Bxg7 Kxg7 17. Rfe1 f6 18. Qf4 Nb8 19. Ncd2 e5 20. Qg4 f5 21. exf5 Rxf5 22.
Ne4 d5 23. Ng3 Rf4 24. Qe6 Rf6 25. Qxe5 Nc6 26. Qg5 Rf7 27. Nh5+ Kg8 28. Rxe8+ Qxe8
29. Nf6+ Rxf6 30. Qxf6 Qf7 31. Qxf7+ Kxf7 32. Re1 a6 33. g4 b5 34. axb5 axb5 35.
Ne5+ Nxe5 36. Rxe5 Rd8 37. f4 Kf6 38. Kf2 Rd7 39. Kf3 g5 40. Rf5+ Kg6 41. Rxg5+ Kf6
42. Rf5+ Kg6 43. Re5 h6 44. h4 Kg7 45. f5 Kf6 46. Kf4 d4 47. Re6+ Kf7 48. Rxh6 dxc3
49. bxc3 Rxd3 50. Rh7+ Kg8 51. Rh6 Rxc3 52. Rb6 b4 53. Kg5 b3 54. Kg6 Kf8 55. f6
Ke8 56. f7+ Ke7 57. Rb7+ Kf8 58. Rb8+ Ke7 59. f8=Q+ Kd7 60. Qe8+ Kd6 61. Qd8+ Ke5
62. Qe7+ Kf4 63. Rf8+ Kg3 64. Qe5+  1-0

[Event "1. OEsterreichische Internet Schach Meisterschaft - Vorrunde 3"]
[Site "Online - Playchess.com"]
[Date ""]
[Round "6"]
[Board "69"]
[White "Stolzlechner, Andreas"]
[Black "Kienboeck, Benjamin"]
[Result "0-1"]
[WhiteElo "1883"]
[BlackElo "1922"]
[PlyCount "50"]
[EventDate "2020.04.17"]
[EventRounds "9"]
[EventCountry "AUT"]

1. e4 c5 2. c3 d6 3. d4 Nf6 4. dxc5 Nxe4 5. cxd6 Nxd6 6. Nf3 Nc6 7. Bf4 e6 8. Na3
Be7 9. Bd3 O-O 10. O-O a6 11. Qe2 b5 12. Rfd1 Bb7 13. Bxb5 axb5 14. Nxb5 Ba6 15.
c4 Bxb5 16. cxb5 Nb4 17. Nd4 Nd5 18. Nxe6 Nxf4 19. Nxf4 Qc7 20. a4 Rfe8 21. Re1 Bg5
22. Qg4 Bxf4 23. Qxf4 Nxb5 24. Rxe8+ Rxe8 25. axb5 Qxf4  0-1

[Event "1. OEsterreichische Internet Schach Meisterschaft - Vorrunde 3"]
[Site "Online - Playchess.com"]
[Date ""]
[Round "6"]
[Board "70"]
[White "Redhammer, Markus"]
[Black "Katter, Katharina"]
[Result "0-1"]
[WhiteElo "1911"]
[BlackElo "1930"]
[PlyCount "36"]
[EventDate "2020.04.17"]
[EventRounds "9"]
[EventCountry "AUT"]

1. e4 e5 2. d4 exd4 3. Qxd4 Nc6 4. Qe3 d6 5. Bc4 Nf6 6. Nc3 Be6 7. Bxe6 fxe6 8. f3
Be7 9. Bd2 Qd7 10. O-O-O O-O-O 11. Nge2 e5 12. Kb1 h6 13. Nc1 Qe6 14. Nb3 d5 15.
exd5 Nxd5 16. Nxd5 Rxd5 17. Bc3 Rhd8 18. Kc1 Bg5  0-1

[Event "1. OEsterreichische Internet Schach Meisterschaft - Vorrunde 3"]
[Site "Online - Playchess.com"]
[Date ""]
[Round "6"]
[Board "71"]
[White "Pilshofer, Paul"]
[Black "Neubauer, Anton"]
[Result "1-0"]
[WhiteElo "1715"]
[BlackElo "1879"]
[PlyCount "59"]
[EventDate "2020.04.17"]
[EventRounds "9"]
[EventCountry "AUT"]

1. d4 d5 2. Nf3 e6 3. g3 Nf6 4. Bg2 c6 5. O-O Bd6 6. c4 O-O 7. b3 Nbd7 8. Bb2 b6
9. Nbd2 Bb7 10. Ne5 Rc8 11. e4 Qc7 12. Nxd7 Nxd7 13. Rc1 Qb8 14. e5 Be7 15. f4 Qa8
16. g4 c5 17. f5 cxd4 18. Bxd4 dxc4 19. Bxb7 Qxb7 20. Nxc4 Bc5 21. Bxc5 Nxc5 22.
Nd6 Qa6 23. Nxc8 Rxc8 24. b4 Ne4 25. Rxc8+ Qxc8 26. Qd3 Nc3 27. fxe6 fxe6 28. Qf3
Nxa2 29. Qf7+ Kh8 30. Qf8+  1-0

[Event "1. OEsterreichische Internet Schach Meisterschaft - Vorrunde 3"]
[Site "Online - Playchess.com"]
[Date ""]
[Round "6"]
[Board "72"]
[White "Steirer, Gerhard"]
[Black "Schein, Alexander"]
[Result "1-0"]
[WhiteElo "1854"]
[BlackElo "1631"]
[PlyCount "53"]
[EventDate "2020.04.17"]
[EventRounds "9"]
[EventCountry "AUT"]

1. e4 d6 2. d4 Nf6 3. Nc3 Nc6 4. Bg5 g6 5. f4 Bg7 6. e5 dxe5 7. fxe5 Nd5 8. Nf3 Bg4
9. Bb5 O-O 10. Bxc6 bxc6 11. Qd2 Bxf3 12. gxf3 Rb8 13. b3 a5 14. Ne4 a4 15. Bh6 Nb4
16. Bxg7 Kxg7 17. c3 Nd5 18. h4 axb3 19. axb3 Rxb3 20. h5 f6 21. hxg6 hxg6 22. Qh6+
Kf7 23. Qh7+ Ke8 24. Qxg6+ Kd7 25. Nc5+ Kc8 26. Ra8+ Rb8 27. Qf5+  1-0

[Event "1. OEsterreichische Internet Schach Meisterschaft - Vorrunde 3"]
[Site "Online - Playchess.com"]
[Date ""]
[Round "6"]
[Board "74"]
[White "Wilplinger, Hugo"]
[Black "Haas, Gerald"]
[Result "0-1"]
[WhiteElo "1629"]
[BlackElo "1906"]
[PlyCount "128"]
[EventDate "2020.04.17"]
[EventRounds "9"]
[EventCountry "AUT"]

1. e4 c5 2. Nf3 Nc6 3. c3 e6 4. d4 cxd4 5. cxd4 d5 6. e5 Nge7 7. Bd3 Ng6 8. O-O Be7
9. Nc3 a6 10. Be3 b5 11. Qe2 Bb7 12. Rac1 O-O 13. a3 f6 14. exf6 Bxf6 15. Bxg6 hxg6
16. Qd3 Qe8 17. h3 Rd8 18. Rfd1 g5 19. Bxg5 Qh5 20. Bxf6 Rxf6 21. Nh2 Rdf8 22. f3
e5 23. dxe5 Nxe5 24. Qe2 Rd6 25. Ne4 Re6 26. Nc5 Nxf3+ 27. Qxf3 Rxf3 28. Nxe6 Rf7
29. Ng4 Bc8 30. Rxc8+ Kh7 31. Nf8+ Rxf8 32. Rxf8 d4 33. Rxd4 Qc5 34. Rfd8 Qc1+ 35.
Kh2 Qxb2 36. R8d7 Qxa3 37. Nf6+ Kg6 38. R7d6 Kf7 39. Ng4 a5 40. Rf4+ Ke7 41. Rd5
Ke6 42. Re5+ Kd6 43. Re3 Qc1 44. Rd4+ Kc5 45. Rd8 Kb4 46. Rd4+ Kc5 47. Rd8 Kb6 48.
Re6+ Kb7 49. Rd7+ Kc8 50. Rxg7 Kd8 51. Ra6 Qc7+ 52. Kh1 Qxg7 53. Ra8+ Ke7 54. Ra7+
Kf8 55. Rxg7 Kxg7 56. Ne5 Kf6 57. Nc6 a4 58. Kg1 Ke6 59. Nb4 Kd6 60. Kf2 Kc5 61.
Na6+ Kc4 62. h4 a3 63. h5 a2 64. Nc7 a1=Q  0-1